Bồi dưỡng nội dung và phương pháp giảng dạy giáo dục công dân 11

Wedi'i Gadw mewn:
Manylion Llyfryddiaeth
Prif Awdur: Vũ Hồng Tiến (Chủ biên)
Awduron Eraill: Phạm Kế Thế, Phạm Văn Chín
Fformat: Llyfr
Iaith:Vietnamese
Cyhoeddwyd: H. ĐH Quốc Gia Hà Nội 1999
Pynciau:
Tagiau: Ychwanegu Tag
Dim Tagiau, Byddwch y cyntaf i dagio'r cofnod hwn!
Thư viện lưu trữ: Trung tâm Học liệu Lê Vũ Hùng, Trường Đại học Đồng Tháp
LEADER 01384pam a22003618a 4500
001 00026670
005 20171026081023.0
008 110816s1999 ||||||viesd
020 |c 15500 
041 0 # |a vie 
082 1 4 |a 170  |b B452D 
100 0 # |a Vũ Hồng Tiến  |e Chủ biên 
245 0 0 |a Bồi dưỡng nội dung và phương pháp giảng dạy giáo dục công dân 11  |c Vũ Hồng Tiến; Phạm Văn Chín, Phạm Kế Thế 
260 # # |a H.  |b ĐH Quốc Gia Hà Nội  |c 1999 
300 # # |a 222 tr.  |c 24 cm. 
650 # 4 |a Lớp 11 
650 # 4 |a Giáo dục công dân 
650 # 4 |a Sách giáo khoa 
650 # 4 |a Đạo đức 
653 # # |a Sách bồi dưỡng 
700 1 # |a Phạm Kế Thế 
700 1 # |a Phạm Văn Chín 
852 # # |b Kho giáo trình  |j KGT.0031743, KGT.0031744, KGT.0031745, KGT.0031746, KGT.0031747, KGT.0031748, KGT.0031749, KGT.0031750 
852 # # |b Kho mượn  |j KGT.0031743, KGT.0052613 
852 # # |b Kho đọc  |j KD.0010995, KD.0011425 
852 # # |j KD.0010995 
852 # # |j KGT.0031744  |j KGT.0031747  |j KGT.0031749  |j KGT.0031750  |j KGT.0052613  |j KD.0010995  |j KGT.0031746  |j KGT.0031743  |j KGT.0031745  |j KGT.0031748 
910 |d 16/08/2011 
980 # # |a Trung tâm Học liệu Lê Vũ Hùng, Trường Đại học Đồng Tháp